Commentaries upon Boerhaave's aphorisms concerning the knowledge and cure of diseases. By Baron Van Swieten, ... Translated from the Latin.

Bibliographic Details
Main Authors: Swieten, Gerard, Freiherr van, 1700-1772, Boerhaave, Herman, 1668-1738 (Author)
Format: eBook
Language:English
Series:Eighteenth century collections online.
Online Access:Full text online

MARC

Tag First Indicator Second Indicator Subfields
LEADER 00000cam a2200000 4500
001 in00001861521
006 m | d |
007 cr |n||||||||n
008 870611s1776 stk|||| s 00||||eng d
005 20260406212431.6
035 |a (CStRLIN)ESTCN28227 
040 |a Cu-RivES  |c Cu-RivES  |d CStRLIN  |d Thomson Gale  |d UtOrBLW 
100 1 |a Swieten, Gerard,  |c Freiherr van,  |d 1700-1772. 
240 1 0 |a Commentaria in Hermanni Boerhaave aphorismos.  |l English 
245 1 0 |a Commentaries upon Boerhaave's aphorisms concerning the knowledge and cure of diseases. By Baron Van Swieten, ... Translated from the Latin. 
264 3 |a Edinburgh :  |b printed for Charles Elliot. Sold by J. Murray, London,  |c 1776. 
300 |a 18 volumes ;  |c 12⁰. 
336 |a text  |b txt  |2 rdacontent 
337 |a computer  |b c  |2 rdamedia 
338 |a online resource  |b cr  |2 rdacarrier 
500 |a With the text of Boerhaave's 'Aphorismi' in English. 
500 |a With an index. 
500 |a Reproduction of original from the Countway Library of Medicine. 
510 4 |a English Short Title Catalog,  |c ESTCN28227. 
533 |a Electronic reproduction.  |b Farmington Hills, Mich. :  |c Thomson Gale,  |d 2003.  |n Available via the World Wide Web.  |n Access limited by licensing agreements  |7 s2003 miunns 
500 |a Electronic resource. 
700 1 |a Boerhaave, Herman,  |d 1668-1738,  |e author. 
730 0 |a Aphorismi.  |l English. 
830 0 |a Eighteenth century collections online. 
856 4 0 |u http://proxy.library.tamu.edu/login?url=https://galenet.galegroup.com/servlet/ECCO?c=1&stp=Author&ste=11&af=BN&ae=N028227&tiPG=1&dd=0&dc=flc&docNum=CW109201849&vrsn=1.0&srchtp=a&d4=0.33&n=10&SU=0LRM&locID=txshracd2898  |z Full text online  |t 0 
999 |a MARS 
999 f f |s c63a1498-cefd-3f27-8cde-567279dab1e4  |i 0219134d-f511-344b-b442-290f0c2e6587  |t 0 
952 f f |a Texas A&M University  |b College Station  |c Electronic Resources  |s www_evans  |d Available Online  |t 0  |h No information provided 
998 f f |t 0  |l Available Online